[Event "ROM-chT"]
[Site "Mamaia"]
[Date "2021.10.07"]
[Round "7.1"]
[White "Isfan, Ioan Marius"]
[Black "Ciorgovean, Iustin"]
[Result "1-0"]
[WhiteElo "2256"]
[BlackElo "2305"]
[PlyCount "189"]
[EventDate "2021.10.02"]
[EventType "team-tourn"]
[EventRounds "11"]
[EventCountry "ROU"]
[SourceTitle "CBM 204 Extra"]
[Source "ChessBase"]
[SourceDate "2021.11.30"]
[SourceVersion "1"]
[SourceVersionDate "2021.11.30"]
[SourceQuality "1"]
[WhiteTeam "Galati Smart"]
[BlackTeam "Timisoara Vest Univ"]
[WhiteTeamCountry "ROU"]
[BlackTeamCountry "ROU"]

1. Nf3 Nf6 2. d4 c5 3. d5 b5 4. Bg5 g6 5. Bxf6 exf6 6. e4 b4 7. Nbd2 Bg7 8. Nc4 0-0 9. Bd3 d6 10. Nfd2 Qc7 11. 0-0 Nd7 12. f4 Nb6 13. Qf3 f5 14. e5 Bb7 15. Nxd6 Bxd5 16. Qe2 Rfd8 17. N2c4 Bf8 18. b3 Nc8 19. Ne3 Bc6 20. Nxc8 Raxc8 21. Bc4 Kh8 22. a4 Rd4 23. Rad1 Rcd8 24. Qf2 Qe7 25. Rxd4 cxd4 26. Nd1 f6 27. e6 Kg7 28. Re1 Qc7 29. Nb2 Be7 30. Qd2 Be4 31. Nd3 a5 32. Nf2 Ba8 33. Rd1 h5 34. Nd3 Bc6 35. Nb2 Be4 36. Qf2 Bd6 37. g3 h4 38. Kf1 hxg3 39. hxg3 Bc5 40. Nd3 Ba7 41. Ke1 Qd6 42. Kd2 Rc8 43. Nb2 Qc7 44. Qf1 Rh8 45. Kc1 Rh2 46. Nd3 Kf8 47. Re1 Ke7 48. Qg1 Rg2 49. Qh1 Rxc2+ 50. Kxc2 Bxh1 51. Rxh1 Kd6 52. Rh8 Bb6 53. Rf8 Qc6 54. Rf7 Qg2+ 55. Kb1 Qh1+ 56. Ka2 Qg2+ 57. Nb2 Bc5 58. e7 Qe4 59. Bb5 Qxe7 60. Nc4+ Kd5 61. Rxe7 Bxe7 62. Nd2 g5 63. Bd3 gxf4 64. gxf4 Bd6 65. Bxf5 Bxf4 66. Nc4 Bc7 67. Kb1 d3 68. Bxd3 Kd4 69. Kc2 Bd8 70. Nd6 Kd5 71. Nf5 Ke5 72. Kd2 Kf4 73. Ke2 Bb6 74. Bc2 Ke5 75. Kf3 Kd5 76. Kf4 Ba7 77. Kg4 Bc5 78. Kh5 Ke6 79. Kg6 Bf8 80. Nh6 Bc5 81. Bf5+ Ke7 82. Ng8+ Kf8 83. Nxf6 Ke7 84. Ne4 Bd4 85. Kg5 Be5 86. Bg4 Bb8 87. Kf5 Bh2 88. Nd2 Kd7 89. Ke4+ Kc6 90. Kd4 Bg1+ 91. Kc4 Be3 92. Ne4 Bg1 93. Nf6 Bf2 94. Nd5 Bg1 95. Bf3 1-0

[Event "ROM-ch U18"]
[Site "Mamaia"]
[Date "2021.04.09"]
[Round "3"]
[White "Isfan, Ioan Marius"]
[Black "Ghimpu, Samuel Timotei"]
[Result "0-1"]
[WhiteElo "2263"]
[BlackElo "2315"]
[PlyCount "50"]
[EventDate "2021.04.07"]
[EventType "swiss"]
[EventRounds "9"]
[EventCountry "ROU"]
[SourceTitle "EXT 2022"]
[Source "ChessBase"]
[SourceDate "2021.10.06"]
[SourceVersion "1"]
[SourceVersionDate "2021.10.06"]
[SourceQuality "1"]

1. d4 Nf6 2. Nf3 e6 3. c4 d5 4. Nc3 c6 5. Qb3 dxc4 6. Qxc4 b5 7. Qb3 Nbd7 8. Bg5 a6 9. a4 Be7 10. e3 0-0 11. Rd1 Bb7 12. Bxf6 Nxf6 13. Bd3 b4 14. Ne4 Qa5 15. Nxf6+ gxf6 16. e4 Kh8 17. 0-0 Rg8 18. Rfe1 Qh5 19. Bb1 Rad8 20. Kh1 c5 21. d5 exd5 22. exd5 Rxd5 23. Be4 Rxd1 24. Qxd1 Bxe4 25. Rxe4 Qg6 0-1

[Event "Wch U16"]
[Site "Mumbai"]
[Date "2019.10.03"]
[Round "2"]
[White "Isfan, Ioan Marius"]
[Black "Raja, Rithvik R"]
[Result "1/2-1/2"]
[WhiteElo "2206"]
[BlackElo "2369"]
[PlyCount "67"]
[EventDate "2019.10.02"]
[EventType "swiss"]
[EventRounds "11"]
[EventCountry "IND"]
[SourceTitle "EXT 2020"]
[Source "ChessBase"]
[SourceDate "2019.10.17"]
[SourceVersion "1"]
[SourceVersionDate "2019.10.17"]
[SourceQuality "1"]

1. d4 Nf6 2. Nf3 d5 3. c4 e6 4. Nc3 Bb4 5. Qa4+ Nc6 6. e3 0-0 7. Bd2 Re8 8. Rd1 a6 9. a3 Bd6 10. Bc1 h6 11. c5 Bf8 12. Be2 e5 13. dxe5 Nxe5 14. 0-0 Bg4 15. Nxe5 Bxe2 16. Nxe2 Rxe5 17. b4 c6 18. Bb2 Re8 19. Bxf6 Qxf6 20. Nd4 g6 21. Qb3 Bg7 22. a4 Qe7 23. Qc2 Qe4 24. Qb3 Qe7 25. Qc2 Qc7 26. Rd3 Re4 27. Rfd1 h5 28. Qb3 Rae8 29. Qa2 Qe7 30. Qa3 Bf8 31. Rc1 Bg7 32. Rcd1 Bf8 33. Rc1 Bg7 34. Rcd1 1/2-1/2

[Event "Wch U16"]
[Site "Mumbai"]
[Date "2019.10.03"]
[Round "3"]
[White "Pogosyan, Stefan"]
[Black "Isfan, Ioan Marius"]
[Result "1-0"]
[WhiteElo "2364"]
[BlackElo "2206"]
[PlyCount "50"]
[EventDate "2019.10.02"]
[EventType "swiss"]
[EventRounds "11"]
[EventCountry "IND"]
[SourceTitle "EXT 2020"]
[Source "ChessBase"]
[SourceDate "2019.10.17"]
[SourceVersion "1"]
[SourceVersionDate "2019.10.17"]
[SourceQuality "1"]

1. d4 Nf6 2. c4 e6 3. Nf3 Bb4+ 4. Bd2 Qe7 5. g3 Bxd2+ 6. Nbxd2 d6 7. Bg2 Nbd7 8. 0-0 0-0 9. b4 a5 10. a3 Ra7 11. e4 e5 12. d5 c6 13. Qb3 Ne8 14. Rfc1 c5 15. Bh3 b6 16. bxa5 bxa5 17. Qc3 a4 18. Rab1 g6 19. Nh4 Ng7 20. Rb5 f5 21. exf5 Nf6 22. Qe3 gxf5 23. Qh6 Nfh5 24. Rb8 Rb7 25. Rxc8 Rxc8 1-0

[Event "Arad op 12th"]
[Site "Arad"]
[Date "2019.07.25"]
[Round "3"]
[White "Peptan, Corina Isabela"]
[Black "Isfan, Ioan Marius"]
[Result "1-0"]
[WhiteElo "2375"]
[BlackElo "2164"]
[PlyCount "49"]
[EventDate "2019.07.24"]
[EventType "swiss"]
[EventRounds "9"]
[EventCountry "ROU"]
[SourceTitle "CBM 191 Extra"]
[Source "ChessBase"]
[SourceDate "2019.09.30"]
[SourceVersion "1"]
[SourceVersionDate "2019.09.30"]
[SourceQuality "1"]

1. d4 e6 2. c4 c5 3. Nf3 d5 4. cxd5 exd5 5. Nc3 Nc6 6. g3 c4 7. Bg2 Bb4 8. 0-0 Nge7 9. e4 Bxc3 10. bxc3 dxe4 11. Nd2 Be6 12. Nxe4 Bd5 13. Qg4 Kf8 14. Qh5 h6 15. Re1 Kg8 16. Rb1 b6 17. Ba3 Kh7 18. Rb5 Qd7 19. Nf6+ gxf6 20. Bxd5 Ng6 21. Bxc4 Rae8 22. Rbb1 Kg7 23. Bb5 Qc7 24. Rxe8 Rxe8 25. Qf3 1-0

[Event "ROM-ch U16"]
[Site "Calimanesti Caciulata"]
[Date "2019.04.19"]
[Round "6"]
[White "Isfan, Ioan Marius"]
[Black "Ognean, Mihnea Ionut"]
[Result "1-0"]
[WhiteElo "2110"]
[BlackElo "2244"]
[PlyCount "97"]
[EventDate "2019.04.15"]
[EventType "swiss"]
[EventRounds "9"]
[EventCountry "ROU"]
[SourceTitle "CBM 190 Extra"]
[Source "ChessBase"]
[SourceDate "2019.07.15"]
[SourceVersion "1"]
[SourceVersionDate "2019.07.15"]
[SourceQuality "1"]

1. d4 Nf6 2. c4 e6 3. Nc3 Bb4 4. Nf3 b6 5. Qc2 Bb7 6. a3 Bxc3+ 7. Qxc3 0-0 8. g3 a5 9. b3 Be4 10. Bg2 Nc6 11. a4 d5 12. Bb2 Nb4 13. 0-0 Rc8 14. c5 c6 15. Rfc1 Nd7 16. Ne1 Bxg2 17. Kxg2 bxc5 18. dxc5 e5 19. Nd3 d4 20. Qd2 Rb8 21. Rc4 Nxd3 22. Qxd3 Nf6 23. e4 dxe3 24. Qxe3 Re8 25. Re1 Nd5 26. Qf3 f6 27. Bc1 Rb4 28. Bd2 Rxc4 29. bxc4 Ne7 30. Bc3 Qb8 31. Qd1 Qb7 32. Re4 Ra8 33. h4 Kf7 34. Qd6 Nf5 35. Qd1 Kg8 36. h5 Kf7 37. Qf3 Qd7 38. Bxe5 fxe5 39. Rxe5 g6 40. hxg6+ hxg6 41. g4 Rg8 42. gxf5 gxf5+ 43. Kf1 Kf6 44. Re1 Rg4 45. Rd1 Qe8 46. Qh3 Kg5 47. Rd6 Rh4 48. Qg3+ Rg4 49. f4+ 1-0

[Event "ROM-ch U16"]
[Site "Calimanesti Caciulata"]
[Date "2019.04.17"]
[Round "3"]
[White "Isfan, Ioan Marius"]
[Black "Bulau, Andrei Cristian"]
[Result "0-1"]
[WhiteElo "2110"]
[BlackElo "2250"]
[PlyCount "58"]
[EventDate "2019.04.15"]
[EventType "swiss"]
[EventRounds "9"]
[EventCountry "ROU"]
[SourceTitle "CBM 190 Extra"]
[Source "ChessBase"]
[SourceDate "2019.07.15"]
[SourceVersion "1"]
[SourceVersionDate "2019.07.15"]
[SourceQuality "1"]

1. d4 d5 2. Nf3 Nf6 3. c4 c6 4. Qc2 dxc4 5. Qxc4 Bg4 6. Bg5 Ne4 7. Bh4 Qa5+ 8. Nfd2 Na6 9. f3 Be6 10. Qc1 Nxd2 11. Nxd2 c5 12. d5 Bxd5 13. e4 Be6 14. Kf2 Rd8 15. Bg5 g6 16. Nc4 Bxc4 17. Qxc4 Nc7 18. Bf4 Bg7 19. b4 Qb6 20. bxc5 Qb2+ 21. Be2 Qd4+ 22. Kg3 Qxc4 23. Bxc4 Bxa1 24. Bxc7 Rc8 25. Bf4 Bd4 26. Rd1 e5 27. Bb5+ Ke7 28. Bg5+ f6 29. Bc1 Rhd8 0-1

[Event "Arad op 11th"]
[Site "Arad"]
[Date "2018.08.05"]
[Round "1"]
[White "Mastrovasilis, Dimitrios"]
[Black "Isfan, Ioan Marius"]
[Result "1-0"]
[WhiteElo "2586"]
[BlackElo "1933"]
[PlyCount "49"]
[EventDate "2018.08.05"]
[EventType "swiss"]
[EventRounds "9"]
[EventCountry "ROU"]
[SourceTitle "CBM 185 Extra"]
[Source "ChessBase"]
[SourceDate "2018.07.29"]
[SourceVersion "1"]
[SourceVersionDate "2018.07.29"]
[SourceQuality "1"]

1. e4 d5 2. exd5 Qxd5 3. Nc3 Qd6 4. d4 c6 5. Nf3 Bg4 6. Be2 e6 7. h3 Bh5 8. 0-0 Nd7 9. Re1 Ngf6 10. Ne5 Bxe2 11. Qxe2 Be7 12. Bf4 Qxd4 13. Nxf7 Kxf7 14. Qxe6+ Kg6 15. Rad1 Qxf4 16. Rxd7 Bc5 17. Ne4 Rhf8 18. Nxc5 Rae8 19. Nd3 Qg5 20. Ne5+ Kh5 21. Re7 Qd2 22. Qf5+ Kh6 23. Rxe8 Qxe1+ 24. Kh2 g6 25. Qxf6 1-0

[Event "ROM-chT U16"]
[Site "Iasi"]
[Date "2018.07.18"]
[Round "7.1"]
[White "Bulau, Andrei Cristian"]
[Black "Isfan, Ioan Marius"]
[Result "1-0"]
[WhiteElo "2051"]
[BlackElo "2054"]
[PlyCount "49"]
[EventDate "2018.07.13"]
[EventType "team-swiss"]
[EventRounds "7"]
[EventCountry "ROU"]
[SourceTitle "EXT 2020"]
[Source "ChessBase"]
[SourceDate "2019.10.17"]
[SourceVersion "1"]
[SourceVersionDate "2019.10.17"]
[SourceQuality "1"]
[WhiteTeam "Ploiesti CC"]
[BlackTeam "Buzau Gloria"]
[WhiteTeamCountry "ROU"]
[BlackTeamCountry "ROU"]

1. d4 c5 2. d5 b5 3. e4 Ba6 4. f4 e5 5. Nf3 d6 6. a4 bxa4 7. Bxa6 Nxa6 8. Rxa4 Nc7 9. fxe5 dxe5 10. Nxe5 Qe7 11. Nc6 Qh4+ 12. g3 Qh3 13. Bf4 Nb5 14. Qe2 c4 15. Qxc4 Nd6 16. Bxd6 Bxd6 17. e5 Nf6 18. exf6 gxf6 19. Qg4 Qh6 20. Rxa7 Rd8 21. Nxd8 Qc1+ 22. Qd1 Qxb2 23. Nxf7 Bb4+ 24. c3 0-0 25. Qg4# 1-0